Geography Quiz

Random Geography or City Quiz

Massachusetts Cities Quiz Stats

 Plays Quiz Updated Apr 9, 2018

Score 0/20 Timer 06:00
14 Plays Today
Rank City % Correct
1Boston
99.8%
3Springfield
75.1%
2Worcester
73.5%
4Cambridge
68%
5Lowell
55.1%
8Quincy
45.2%
10Newton
43.1%
11Fall River
37.7%
14Framingham
35.8%
7New Bedford
35.4%
Rank City % Correct
9Lynn
34.5%
6Brockton
33.5%
18Brookline
32.3%
12Somerville
30.7%
13Lawrence
29.9%
19Medford
27.5%
15Waltham
24.6%
17Malden
20.6%
16Haverhill
19%
20Taunton
18.9%

You're not logged in!

Compare scores with friends on all Sporcle quizzes.
OR
Log In

Sporcle TV

Today on Sporcle TV


Watch our educational content, quiz creation guides, and fun videos on Sporcle TV.

Show Comments

Extras

Top Quizzes Today


Score Distribution

Your Account Isn't Verified!

In order to create a playlist on Sporcle, you need to verify the email address you used during registration. Go to your Sporcle Settings to finish the process.

Report this User

Report this user for behavior that violates our Community Guidelines.

Details: